000 01263nam a22003737a 4500
003 CHAP
005 20240523095124.0
008 101013s2007 it a rn 00010 eng d
010 _a99413
011 _a100385
020 _a9789251063231
035 _a111071
040 _cCHAP
082 0 4 _a631.5
_bF34y v.6
110 2 _aFAO
245 1 3 _aAn international technical workshop investing in sustainable crop intensification :
_bthe case for improving soil health
_c/por FAO
260 _aRome :
_bFAO,
_c2008
300 _axi, 134 p.
_bilus., cuadros, gráfs. + CD (4 3/4 plg.)
490 0 _aFAO. Gestión integrada de cultivos
_v; 6
590 _aBATCH-UPD
_b10
_c20130110
590 _aBATCH-UPD
_b10
_c20130410
590 _aBATCH-UPD
_b10
_c20130914
590 _aCONVERSION
_b10
_c20130109
650 1 4 _aCultivos
_xRendimiento.
_930318
650 1 4 _aFertilizantes
_xAplicación.
_940450
650 1 4 _aLabranza de conservación.
_964308
650 1 4 _aResiduos de cosechas.
_996115
650 1 4 _aRotación de cultivos.
_9100243
650 1 4 _aSuelos
_xManejo.
_9110423
830 0 0 _aFAO. Gestión integrada de cultivos
_v; 6
_939569
901 _aBK
942 _cLIBRO
_2ddc
949 _a631.5 F34y v.6
_bBC
_cFAO
_d33724002219157
_eFAO1
_h11356
_i111071
_sb
999 _c99413
_d99413